00685 a2200181 4500040001300000082001400013100002400027245006100051250001200112260005000124300004800174650002200222650004000244650002800284942002700312999001500339952014900354 aDLCbDLC00a808.066651 aGuffey, Mary Ellen.10aEssentials of business communicationcMary Ellen Guffey. a6th ed. aMason, Ohio :bThomson/South-Western,cc2004. axxxii, 511 p. :bill. (some col.) ;c28 cm. 0aBusiness writing. 0aEnglish languagexBusiness English. 0aBusiness communication. cBKk808.06665 GUF2ddc c9958d9958 001040708NFICaCLbCLcGENd2006-10-10eAcademic Book Companyg2743.66l2o808.06665 GUFpSEECS007606r2022-02-01s2018-10-04w2017-01-05yBK